Communes desservies par le tramway de Grenoble - Statistiques

Statistiques générales
  • Ce quiz a été pris 94 fois
  • Le résultat moyen est 8 sur 11
Statistiques - réponses
Communes % Correct
Échirolles (Ligne A)
97%
Saint-Martin d'Hères (Lignes B, C et D)
91%
Fontaine (Ligne A)
79%
Saint-Égrève (Ligne E)
77%
Seyssins (Ligne C)
77%
Le Pont-de-Claix (Ligne A)
74%
Gières (Lignes B et C)
71%
La Tronche (Lignes B et D)
67%
Saint-Martin-le-Vinoux (Ligne E)
60%
Seyssinet-Pariset (Ligne C)
57%
Fontanil-Cornillon (Ligne E)
37%
Aucun quiz correspondant
Distribution des résultats
% des personnes avec chaque résultat
Percentile par nombre de réponses
Votre historique - résultats
Vous n’avez pas pris ce quiz